GAP bölgesinde kadının statüsü ve kalkınma sürecine entegrasyonu araştırması yöneticiler için özet (Record no. 9835)

MARC details
000 -BAŞLIK
Sabit Uzunlukta Kontrol Alanı 00755na a2200205 4500
001 - KONTROL NUMARASI
Denetim Alanı 23679
003 - KONTROL NUMARASI IDENTIFIER
Denetim Alanı MIRAKIL
005 - SON İŞLEM TARİHİ VE ZAMANI
Denetim Alanı 20181213155258.0
008 - SABİT-BOY VERİ ELEMANLARI - GENEL BİLGİLER
Sabit Uzunlukta Kontrol Alanı 180103b tu 000 0
040 ## - KATALOGLAMA KAYNAK
Orijinal Kataloglama Ajansı Milas
Kataloglama Dili tur
Metne Dönüştürmek Ajansı TR-AnCHP
041 ## - DİL KODU
Metin / Ses Parça Veya Ayrı Başlığın Dil Kodu tur
082 ## - DEWEY ONLU SINIFLANDIRMA NUMARASI
Sınıflandırma Numarası 305.4
Ürün Numarası G26 1994
090 ## - SINIFLAMA NUMARASI
Sınıflama Numarası 305.4 G26 1994
245 ## - BAŞLIK TABLOSU
Başlık GAP bölgesinde kadının statüsü ve kalkınma sürecine entegrasyonu araştırması yöneticiler için özet
Sorumluluk Tablosu, Vb Başbakanlık GAP Bölge Kalkınma İdaresi Başkanlığı ; proje yöneticisi Ahmet Saltık
260 ## - YAYIN, DAĞITIM, VB
Yayın, Dağıtım, Vb Yeri Ankara
Yayıncı, Dağıtıcı, Vs Adı Başbakanlık GAP Bölge Kalkınma İdaresi Başkanlığı
Yayın, Dağıtım, Vb Tarihi 1994.
300 ## - FİZİKSEL TANIM
Kapsam 41 s.
Diğer Fiziksel Ayrıntıları tbl. , şkl.
Boyutlar 28 sm.
650 ## - KONU KATMA GİRİŞ - TOPİKAL DÖNEM
Topikal Süreli Veya Coğrafi Ad Giriş Elemanı Kadınlar
Genel Alt Bölümü Türkiye
Coğrafi Alt Bölümü GAP Bölgesi
700 ## - KATMA GİRİŞ - KİŞİSEL İSİM
Kişisel Ad Saltık, Ahmet
942 ## - EKLENDİ GİRİŞ ELEMANLARI (KOHA)
Sınıflandırma Veya Raf Düzeni Kaynak Dewey Decimal Classification
Koha Öğesi Türü Books
999 ## - SİSTEM KONTROL NUMARALARI (KOHA)
Koha Biblionumber 9835
Koha Biblioitemnumber 9835
Holdings
Kalıcı Konum Mevcut Konum Edinme Tarihi Edinim Kaynak Toplam Check-Out'Lar Tam Çağrı Numarası Barkod Tarih Son Görülme İtibaren Geçerli Fiyatlar Koha Öğesi Türü
CHP Kütüphanesi CHP Kütüphanesi 12/04/2017 Bağış   305.4 G26 1994 017673 12/04/2017 12/04/2017 Books